Private education in sub-saharan Africa : a re-examination of theories and concepts related to its development and finance.

সংরক্ষণ করুন:
গ্রন্থ-পঞ্জীর বিবরন
প্রধান লেখক: Kitaev, Igor V. (autor)
বিন্যাস: গ্রন্থ
ভাষা:ইংরেজি
মালা:(IIEP research and studies programme ; no. 40)
বিষয়গুলি:
ট্যাগগুলো: ট্যাগ যুক্ত করুন
কোনো ট্যাগ নেই, প্রথমজন হিসাবে ট্যাগ করুন!

MARC

LEADER 00000cam^a2200000uu^4500
001 000467811
005 20250521000000.0
008 050901s1999^^^^^^^^^^^^rd^r^^000^0^eng^d
009 20260310124454.855
022 |a 9280311867 
035 |a FCE 000010541 
035 |a FCE 030867 
037 |a Acervo ITESO - Biblioteca 
041 |a eng 
082 0 4 |a 370.1  |b IIEP 40 
100 |a Kitaev, Igor V.  |e (autor) 
245 1 0 |a Private education in sub-saharan Africa :  |b a re-examination of theories and concepts related to its development and finance. 
264 |a Paris :  |b UNESCO : IIPE,  |c 1999. 
300 |a 195 p. 
336 |a texto  |b txt  |2 rdacontenido 
337 |a sin mediación  |b n  |2 rdamedio 
338 |a volumen  |b nc  |2 rdasoporte 
440 0 |a (IIEP research and studies programme ;  |v no. 40) 
649 |a XX 
650 |a Financiamiento educativo 
650 |a Estrategias de la educación 
650 |a Costo de la educación 
650 |a Educación privada 
650 |a Políticas de educación 
650 |a África 
910 |a Fondo Centro de Estudios Educativos 
920 |a Impresos - Libros 
930 |a Fondos Especiales 
905 |a 133 
901 |a ALE030867  |b IT2  |c CEE  |u 20250521 
902 |a https://opac.biblio.iteso.mx/vufind/Record/000467811